Afghanistan and Pakistan /

সংরক্ষণ করুন:
গ্রন্থ-পঞ্জীর বিবরন
প্রধান লেখক: Carroll, Allen (autor)
অন্যান্য লেখক: Allen, William L. (edición) (edición)
বিন্যাস: মানচিত্র
প্রকাশিত: Washington, EUA : National Geographic Society, 2001, c2001
বিষয়গুলি:
ট্যাগগুলো: ট্যাগ যুক্ত করুন
কোনো ট্যাগ নেই, প্রথমজন হিসাবে ট্যাগ করুন!

MARC

LEADER 00000nem^a2200000^a^4500
001 000131803
005 20250521000000.0
009 20260310095037.154
037 |a Acervo ITESO - Biblioteca 
041 |a GRA 
082 |a 912. 581  |b CAR 
100 |a Carroll, Allen  |e (autor) 
245 1 0 |a Afghanistan and Pakistan /  |c A. Carroll ; ed. de W.L. Allen. 
255 |c (E60º-E78º/N42º-N24º) 
255 |a Escala 1 : 3 363 300 
264 4 |a Washington, EUA :  |b National Geographic Society,  |c 2001, c2001 
300 |a 1 mapa 
336 |a imagen cartográfica estática  |b cri  |2 rdacontenido 
337 |a sin mediación  |b n  |2 rdamedio 
338 |a mapa  |b nz  |2 rdasoporte 
546 |a Edición gráfica con texto en inglés 
649 |a XX 
650 |a Política -  |z Afganístán -  |x Historia -  |y 1980-1989 -  |x Mapas 
650 |a Política -  |z Afganistán -  |x Historia -  |y 1990-1999 -  |x Mapas 
650 |a Afganistán -  |x Historia -  |x Mapas 
650 |a Afganistán -  |x Mapas 
650 |a Pakistán -  |x Mapas 
650 |a Asia -  |x Mapas 
650 |a Cartografía -  |z Asia 
650 |a Geografía -  |z Asia 
740 0 |a Afghanistan :  |b Land in Crisis /  |c A. Carroll ; ed. de W.L. Allen. 
700 |a Allen, William L.  |e (edición) 
910 |a Fondo General 
920 |a Gráficos - Mapas 
905 |a 503 
901 |a 0500061114  |b IT2  |c MAP  |u 20250521 
902 |a https://opac.biblio.iteso.mx/vufind/Record/000131803